• 首页
  • 本馆介绍
  • 公告通知
  • 最新文献
  • 馆藏检索
  • 电子资源
  • 读者导购
  • 参考咨询
  • 我的图书馆
  • 登录
  • 详细信息显示
  • 放入我的书架
  • 预约/预借图书
  • 作者相关作品
  • 分类相关作品
  • 丛书相关作品
  • 出版社相关作品

书目信息

  • 表格格式
  • 工作单格式
  • 卡片格式
题名:
液上气相色谱分析
    
 
作者: 施密特 , 哈亨伯格 编著 ;李世壮 译
分册:  
出版信息: 上海   上海科学技术出版社  1981.10
页数: 154页
开本: 19cm
丛书名:
单 册:
中图分类: O658.1
科图分类:
主题词: 分析(化学) , 分析化学
电子资源:
ISBN:
000 00718nam0 2200229 45
001 0405201028
005 20051201160749.09
010    @dCNY0.55
091    @a14119.1505
100    @a20040520d1981 km y0chiy0120 ea
101 0  @achi
200 1  @a液上气相色谱分析@AYe Shang Qi Xiang Se Pu Fen Xi@fH·哈亨伯格,A·P·施密特编著@FH·ha heng bo ge,A·P·shi mi te bian zhu@g李世壮等译
210    @a上海@c上海科学技术出版社@d1981.10
215    @a154页@d19cm
606 0  @a分析(化学)
606 0  @a分析化学
690    @aO658.1@v3
701  0 @a施密特@Ashi mi te@4编著
701  0 @a哈亨伯格@Aha heng bo ge@4编著
702  0 @a李世壮@ALi Shi Zhuang@4译
801    @aCN@bPftUser@c20051201
905    @f2@b148495-496@dO658.1@e4
    
    液上气相色谱分析/H·哈亨伯格,A·P·施密特编著/李世壮等译.-上海:上海科学技术出版社,1981.10
    154页;19cm
    
    
    ISBN :CNY0.55
    
●
相关链接 在E读中查询图书 在五车中查询图书 在当当中查询图书 在豆瓣中查询图书


正题名:液上气相色谱分析     索取号:O658.1/4         预约/预借

序号 登录号 条形码 馆藏地/架位号 状态 备注
1 0054593   202160990   密集书库/ [索取号:O658.1/4] 在馆    
2 0054594   202161025   密集书库/ [索取号:O658.1/4] 在馆    
3 0148495   000630115   第三借阅区/ [索取号:O658.1/4] 在馆    
4 0148496   000630106   第三借阅区/ [索取号:O658.1/4] 在馆    
5 0148497   202100868   第二样本阅览室/ [索取号:O658.1/4] 在馆    
唐山师范学院图书馆 欢迎您!
大连网信软件有限公司© 版权所有